000
00218 a2200097 4500
001
7043
100
_a
Ibrahim, S.M
245
_a
Tarikh-e-Tibri(Haroon-ul-Rashid)
260
_a
_b
Nafees Academy
_c
090
_c
5813
_d
5813
942
_a
NUST-CAE
_c
M
_c
32282
999
_c
242116
_d
242116